000 00280nam a22001337a 4500
008 170527b xxu||||| |||| 00| 0 eng d
020 _a06037
041 _aeng
080 _a621.38
100 _a27
101 _aIM
245 _aBASIC ELECTRONICS
_cMARCUS, A
942 _2udc
_cBK
999 _c14686
_d14686